CrossCountry stations - Statistics

General Stats
  • This quiz has been taken 223 times
  • The average score is 69 of 111
Answer Stats
Answer % Correct
Birmingham New Street
97%
Edinburgh Waverley
92%
Manchester Piccadilly
90%
Newcastle
90%
Nottingham
90%
York
88%
Glasgow Central
87%
Cardiff Central
86%
Sheffield
86%
Plymouth
85%
Bournemouth
84%
Derby
84%
Penzance
84%
Aberdeen
83%
Berwick-upon-Tweed
83%
Leeds
83%
Bristol Temple Meads
82%
Cheltenham Spa
81%
Reading
81%
Stansted Airport
81%
Exeter St Davids
80%
Darlington
79%
Newport
79%
Oxford
79%
Bristol Parkway
78%
Chesterfield
77%
Durham
77%
Tamworth
77%
Gloucester
76%
Wolverhampton
76%
Cambridge
75%
Southampton Central
74%
Burton-on-Trent
73%
Leicester
72%
Peterborough
72%
Stockport
72%
Taunton
72%
Motherwell
71%
Stoke-on-Trent
71%
Dundee
70%
Ely
69%
Coventry
68%
Crewe
68%
Doncaster
68%
Haymarket
68%
Morpeth
68%
Southampton Airport Parkway
68%
Stafford
68%
Truro
68%
Wakefield Westgate
68%
Banbury
66%
Basingstoke
66%
Winchester
66%
Macclesfield
65%
Birmingham International
64%
Alnmouth for Alnwick
63%
Paignton
62%
Torquay
62%
Leamington Spa
61%
Nuneaton
60%
St Erth
60%
University
60%
Worcestershire Parkway
60%
Par
59%
Dunbar
58%
Newton Abbot
58%
Tiverton Parkway
58%
Dawlish
57%
St Austell
57%
Camborne
56%
Redruth
56%
March
55%
Severn Tunnel Junction
55%
Ashchurch for Tewkesbury
54%
Stonehaven
54%
Water Orton
54%
Long Eaton
53%
Totnes
53%
Weston-super-Mare
53%
Beeston
52%
Melton Mowbray
52%
Chepstow
50%
Oakham
50%
Bodmin Parkway
49%
Montrose
49%
Arbroath
48%
Lydney
48%
Coleshill Parkway
47%
Kirkcaldy
47%
Liskeard
47%
Teignmouth
45%
Stamford
44%
Leuchars
42%
Brockenhurst
41%
Hayle
41%
Hinckley
41%
Lostwithiel
41%
Caldicot
39%
Inverkeithing
39%
Manea
38%
Cupar
36%
Wilnecote
33%
Markinch
32%
Whittlesea
32%
Ladybank
31%
Audley End
30%
South Wigston
30%
Attenborough
27%
Narborough
25%
Willington
25%
Spondon
23%
No matching quizzes found
Score Distribution
Percent of People with Each Score
Percentile by Number Answered
Your Score History
You have not taken this quiz